Garantismo e statualismo: le codificazioni civilistche dell'ottocento
Αποθηκεύτηκε σε:
| Κύριος συγγραφέας: | |
|---|---|
| Μορφή: | Βιβλίο |
| Γλώσσα: | Ιταλικά |
| Έκδοση: |
Milán
Dott. A. Giuffrè
1971
|
| Σειρά: | Pubblicazioni della Facoltà di Giurisprudenza della Università di Pisa, 39
|
| Θέματα: | |
| Ετικέτες: |
Προσθήκη ετικέτας
Δεν υπάρχουν, Καταχωρήστε ετικέτα πρώτοι!
|
MARC
| LEADER | 00000nam a2200000 a 4500 | ||
|---|---|---|---|
| 001 | UCR1989 | ||
| 003 | CL-VaPUC | ||
| 008 | 980107e19710000IT |||||||||||||||||ita|d | ||
| 082 | 0 | 4 | |a 340.2 |b COR |2 21 |
| 100 | 0 | |a Corradini, Domenico |e author |9 399520 | |
| 245 | 1 | 0 | |a Garantismo e statualismo: le codificazioni civilistche dell'ottocento |
| 300 | |a 145 p | ||
| 942 | |c BK | ||
| 945 | |d 19980107 00:00:00 |a crobeson | ||
| 260 | |a Milán |b Dott. A. Giuffrè |c 1971 | ||
| 650 | 0 | |a Codificación |9 258568 | |
| 650 | 0 | |a Código civil |9 256135 | |
| 650 | 0 | |a Derecho comparado |9 255664 | |
| 650 | 0 | |a Derecho romano |9 255930 | |
| 650 | 0 | |a Filosofía del derecho |9 255050 | |
| 583 | |a last modification |c 19980107 00:00:00 |k Rodrigo Vera | ||
| 490 | 0 | |a Pubblicazioni della Facoltà di Giurisprudenza della Università di Pisa, 39 | |
| 999 | |c 265268 |d 265266 | ||
| 952 | |0 0 |1 0 |4 0 |6 340_200000000000000_COR_1971 |7 0 |8 DER_HIS |9 296125 |a BIBDER |b BIBDER |d 2019-11-20 |i 1924052 |l 1 |m 6 |o 340.2 COR 1971 |p 1924052 |q 2025-12-31 |r 2020-02-27 |s 2020-02-27 |w 2019-11-20 |x Ubicación 4to Piso |y BK |z Estos recursos deben solicitarse con anticipación |k DER | ||